Wolfsburg Players Since 2014 - Statistics

General Stats
  • This quiz has been taken 35 times
  • The average score is 179 of 285
Answer Stats
% Correct
2023/24 (Bundesliga - 12th) Belgium GK 31 Koen Casteels 27
94%
2022/23 (Bundesliga - 8th) Belgium GK 30 Koen Casteels 36
94%
2021/22 (Bundesliga - 12th) Belgium GK 29 Koen Casteels 34
94%
2020/21 (Bundesliga - 4th) Belgium GK 28 Koen Casteels 37
94%
2019/20 (Bundesliga - 7th) Belgium GK 27 Koen Casteels 32
94%
2018/19 (Bundesliga - 6th) Belgium GK 26 Koen Casteels 29
94%
2017/18 (Bundesliga - 16th) Belgium GK 25 Koen Casteels 39
94%
2016/17 (Bundesliga - 16th) Belgium GK 24 Koen Casteels 24
94%
2015/16 (Bundesliga - 8th) Belgium GK 23 Koen Casteels 17
94%
2015/16 (Bundesliga - 8th) Germany LW 24 André Schürrle 41 12
89%
2014/15 (Bundesliga - 2nd) Germany LW 23 André Schürrle 22 1
89%
2015/16 (Bundesliga - 8th) Belgium AM 24 Kevin De Bruyne 4 1
89%
2014/15 (Bundesliga - 2nd) Belgium AM 23 Kevin De Bruyne 51 16
89%
2016/17 (Bundesliga - 16th) Netherlands ST 27 Bas Dost 2 1
83%
2015/16 (Bundesliga - 8th) Netherlands ST 26 Bas Dost 31 10
83%
2014/15 (Bundesliga - 2nd) Netherlands ST 25 Bas Dost 36 20
83%
2022/23 (Bundesliga - 8th) Germany CM 21 Felix Nmecha 32 3
83%
2021/22 (Bundesliga - 12th) Germany CM 20 Felix Nmecha 18
83%
2021/22 (Bundesliga - 12th) United States CB 28 John Brooks 36 1
83%
2020/21 (Bundesliga - 4th) United States CB 27 John Brooks 35 2
83%
2019/20 (Bundesliga - 7th) United States CB 26 John Brooks 31 1
83%
2018/19 (Bundesliga - 6th) United States CB 25 John Brooks 32 3
83%
2017/18 (Bundesliga - 16th) United States CB 24 John Brooks 12
83%
2022/23 (Bundesliga - 8th) France DM 31 Josuha Guilavogui 26 1
83%
2021/22 (Bundesliga - 12th) France DM 30 Josuha Guilavogui 21
83%
2020/21 (Bundesliga - 4th) France DM 29 Josuha Guilavogui 26 2
83%
2019/20 (Bundesliga - 7th) France DM 28 Josuha Guilavogui 32
83%
2018/19 (Bundesliga - 6th) France DM 27 Josuha Guilavogui 20 2
83%
2017/18 (Bundesliga - 16th) France DM 26 Josuha Guilavogui 35 3
83%
2016/17 (Bundesliga - 16th) France DM 25 Josuha Guilavogui 21
83%
2015/16 (Bundesliga - 8th) France DM 24 Josuha Guilavogui 42 2
83%
2014/15 (Bundesliga - 2nd) France DM 23 Josuha Guilavogui 42 2
83%
2023/24 (Bundesliga - 12th) Croatia AM 25 Lovro Majer 34 5
83%
2023/24 (Bundesliga - 12th) Germany ST 24 Lukas Nmecha 4 2
83%
2022/23 (Bundesliga - 8th) Germany ST 23 Lukas Nmecha 18 4
83%
2021/22 (Bundesliga - 12th) Germany ST 22 Lukas Nmecha 31 10
83%
2019/20 (Bundesliga - 7th) Germany ST 20 Lukas Nmecha 12
83%
2023/24 (Bundesliga - 12th) France CB 23 Maxence Lacroix 31 4
83%
2022/23 (Bundesliga - 8th) France CB 22 Maxence Lacroix 26 1
83%
2021/22 (Bundesliga - 12th) France CB 21 Maxence Lacroix 36
83%
2020/21 (Bundesliga - 4th) France CB 20 Maxence Lacroix 36 2
83%
2023/24 (Bundesliga - 12th) Germany CM 29 Maximilian Arnold 33 2
83%
2022/23 (Bundesliga - 8th) Germany CM 28 Maximilian Arnold 34 5
83%
2021/22 (Bundesliga - 12th) Germany CM 27 Maximilian Arnold 41 4
83%
2020/21 (Bundesliga - 4th) Germany CM 26 Maximilian Arnold 36 3
83%
2019/20 (Bundesliga - 7th) Germany CM 25 Maximilian Arnold 44 5
83%
2018/19 (Bundesliga - 6th) Germany CM 24 Maximilian Arnold 36 2
83%
2017/18 (Bundesliga - 16th) Germany CM 23 Maximilian Arnold 34 2
83%
2016/17 (Bundesliga - 16th) Germany CM 22 Maximilian Arnold 36
83%
2015/16 (Bundesliga - 8th) Germany CM 21 Maximilian Arnold 44 4
83%
2014/15 (Bundesliga - 2nd) Germany CM 20 Maximilian Arnold 40 6
83%
2015/16 (Bundesliga - 8th) Brazil CB 32 Naldo 40 2
83%
2014/15 (Bundesliga - 2nd) Brazil CB 31 Naldo 49 8
83%
2023/24 (Bundesliga - 12th) Germany RB 25 Ridle Baku 36 2
83%
2022/23 (Bundesliga - 8th) Germany RB 24 Ridle Baku 36 5
83%
2021/22 (Bundesliga - 12th) Germany RB 23 Ridle Baku 41 5
83%
2020/21 (Bundesliga - 4th) Germany RB 22 Ridle Baku 35 6
83%
2021/22 (Bundesliga - 12th) Netherlands ST 28 Wout Weghorst 24 7
83%
2020/21 (Bundesliga - 4th) Netherlands ST 27 Wout Weghorst 41 25
83%
2019/20 (Bundesliga - 7th) Netherlands ST 26 Wout Weghorst 43 20
83%
2018/19 (Bundesliga - 6th) Netherlands ST 25 Wout Weghorst 36 18
83%
2021/22 (Bundesliga - 12th) Switzerland SS 30 Admir Mehmedi 2
78%
2020/21 (Bundesliga - 4th) Switzerland SS 29 Admir Mehmedi 22 2
78%
2019/20 (Bundesliga - 7th) Switzerland SS 28 Admir Mehmedi 26 3
78%
2018/19 (Bundesliga - 6th) Switzerland SS 27 Admir Mehmedi 28 7
78%
2017/18 (Bundesliga - 16th) Switzerland SS 26 Admir Mehmedi 6 1
78%
2016/17 (Bundesliga - 16th) Switzerland GK 32 Diego Benaglio 15
78%
2015/16 (Bundesliga - 8th) Switzerland GK 31 Diego Benaglio 30
78%
2014/15 (Bundesliga - 2nd) Switzerland GK 30 Diego Benaglio 48
78%
2015/16 (Bundesliga - 8th) Croatia LW 26 Ivan Perišić 4 1
78%
2014/15 (Bundesliga - 2nd) Croatia LW 25 Ivan Perišić 35 7
78%
2018/19 (Bundesliga - 6th) Poland RW 32 Jakub Błaszczykowski 2
78%
2017/18 (Bundesliga - 16th) Poland RW 31 Jakub Błaszczykowski 13 1
78%
2016/17 (Bundesliga - 16th) Poland RW 30 Jakub Błaszczykowski 30
78%
2023/24 (Bundesliga - 12th) Denmark RB 26 Joakim Mæhle 33 2
78%
2023/24 (Bundesliga - 12th) Denmark ST 24 Jonas Wind 37 12
78%
2022/23 (Bundesliga - 8th) Denmark ST 23 Jonas Wind 26 6
78%
2021/22 (Bundesliga - 12th) Denmark ST 22 Jonas Wind 14 5
78%
2022/23 (Bundesliga - 8th) Croatia LW 24 Josip Brekalo 7
78%
2021/22 (Bundesliga - 12th) Croatia LW 23 Josip Brekalo 2 1
78%
2020/21 (Bundesliga - 4th) Croatia LW 22 Josip Brekalo 33 7
78%
2019/20 (Bundesliga - 7th) Croatia LW 21 Josip Brekalo 41 7
78%
2018/19 (Bundesliga - 6th) Croatia LW 20 Josip Brekalo 27 3
78%
2017/18 (Bundesliga - 16th) Croatia LW 19 Josip Brekalo 15 4
78%
2016/17 (Bundesliga - 16th) Croatia LW 18 Josip Brekalo 4
78%
2021/22 (Bundesliga - 12th) Switzerland RB 26 Kevin Mbabu 31
78%
2020/21 (Bundesliga - 4th) Switzerland RB 25 Kevin Mbabu 24
78%
2019/20 (Bundesliga - 7th) Switzerland RB 24 Kevin Mbabu 27 3
78%
2023/24 (Bundesliga - 12th) Sweden CM 24 Mattias Svanberg 28 1
78%
2022/23 (Bundesliga - 8th) Sweden CM 23 Mattias Svanberg 35 5
78%
2022/23 (Bundesliga - 8th) Germany SS 34 Max Kruse 5
78%
2021/22 (Bundesliga - 12th) Germany SS 33 Max Kruse 14 7
78%
2015/16 (Bundesliga - 8th) Germany SS 27 Max Kruse 43 9
78%
2022/23 (Bundesliga - 8th) Egypt ST 23 Omar Marmoush 36 6
78%
2021/22 (Bundesliga - 12th) Egypt ST 22 Omar Marmoush 2
78%
2020/21 (Bundesliga - 4th) Egypt ST 21 Omar Marmoush 4
78%
2019/20 (Bundesliga - 7th) Egypt ST 20 Omar Marmoush 6
78%
2023/24 (Bundesliga - 12th) Austria RW 22 Patrick Wimmer 15 2
78%
2022/23 (Bundesliga - 8th) Austria RW 21 Patrick Wimmer 29 4
78%
2021/22 (Bundesliga - 12th) Austria CM 23 Xaver Schlager 15
78%
2020/21 (Bundesliga - 4th) Austria CM 22 Xaver Schlager 38 2
78%
2019/20 (Bundesliga - 7th) Austria CM 21 Xaver Schlager 28 1
78%
2023/24 (Bundesliga - 12th) Belgium CM 20 Aster Vranckx 26
72%
2022/23 (Bundesliga - 8th) Belgium CM 19 Aster Vranckx 1
72%
2021/22 (Bundesliga - 12th) Belgium CM 18 Aster Vranckx 28 2
72%
2016/17 (Bundesliga - 16th) Italy RW 28 Daniel Caligiuri 18 2
72%
2015/16 (Bundesliga - 8th) Italy RW 27 Daniel Caligiuri 40 3
72%
2014/15 (Bundesliga - 2nd) Italy RW 26 Daniel Caligiuri 45 10
72%
2023/24 (Bundesliga - 12th) Poland LW 21 Jakub Kamiński 19
72%
2022/23 (Bundesliga - 8th) Poland LW 20 Jakub Kamiński 33 5
72%
2022/23 (Bundesliga - 8th) France LB 29 Jérôme Roussillon 4
72%
2021/22 (Bundesliga - 12th) France LB 28 Jérôme Roussillon 33 1
72%
2020/21 (Bundesliga - 4th) France LB 27 Jérôme Roussillon 23
72%
2019/20 (Bundesliga - 7th) France LB 26 Jérôme Roussillon 37 1
72%
2018/19 (Bundesliga - 6th) France LB 25 Jérôme Roussillon 31 3
72%
2016/17 (Bundesliga - 16th) Germany LW 22 Julian Draxler 14
72%
2015/16 (Bundesliga - 8th) Germany LW 21 Julian Draxler 31 8
72%
2022/23 (Bundesliga - 8th) Netherlands CB 21 Micky van de Ven 36 1
72%
2021/22 (Bundesliga - 12th) Netherlands CB 20 Micky van de Ven 5
72%
2022/23 (Bundesliga - 8th) Brazil LB 27 Paulo Otávio 27
72%
2021/22 (Bundesliga - 12th) Brazil LB 26 Paulo Otávio 11
72%
2020/21 (Bundesliga - 4th) Brazil LB 25 Paulo Otávio 30
72%
2019/20 (Bundesliga - 7th) Brazil LB 24 Paulo Otávio 9 1
72%
2016/17 (Bundesliga - 16th) Switzerland LB 23 Ricardo Rodriguez 27
72%
2015/16 (Bundesliga - 8th) Switzerland LB 22 Ricardo Rodriguez 36 3
72%
2014/15 (Bundesliga - 2nd) Switzerland LB 21 Ricardo Rodriguez 39 10
72%
2019/20 (Bundesliga - 7th) Germany CB 27 Robin Knoche 31 2
72%
2018/19 (Bundesliga - 6th) Germany CB 26 Robin Knoche 34 3
72%
2017/18 (Bundesliga - 16th) Germany CB 25 Robin Knoche 29 2
72%
2016/17 (Bundesliga - 16th) Germany CB 24 Robin Knoche 27
72%
2015/16 (Bundesliga - 8th) Germany CB 23 Robin Knoche 13 1
72%
2014/15 (Bundesliga - 2nd) Germany CB 22 Robin Knoche 41 2
72%
2023/24 (Bundesliga - 12th) Germany CM 29 Yannick Gerhardt 28 3
72%
2022/23 (Bundesliga - 8th) Germany CM 28 Yannick Gerhardt 31 6
72%
2021/22 (Bundesliga - 12th) Germany CM 27 Yannick Gerhardt 33 1
72%
2020/21 (Bundesliga - 4th) Germany CM 26 Yannick Gerhardt 35 4
72%
2019/20 (Bundesliga - 7th) Germany CM 25 Yannick Gerhardt 25 4
72%
2018/19 (Bundesliga - 6th) Germany CM 24 Yannick Gerhardt 33 2
72%
2017/18 (Bundesliga - 16th) Germany CM 23 Yannick Gerhardt 21 1
72%
2016/17 (Bundesliga - 16th) Germany CM 22 Yannick Gerhardt 32
72%
2020/21 (Bundesliga - 4th) Turkey AM 28 Yunus Mallı 2
72%
2019/20 (Bundesliga - 7th) Turkey AM 27 Yunus Mallı 2
72%
2018/19 (Bundesliga - 6th) Turkey AM 26 Yunus Mallı 23 1
72%
2017/18 (Bundesliga - 16th) Turkey AM 25 Yunus Mallı 37 6
72%
2016/17 (Bundesliga - 16th) Turkey AM 24 Yunus Mallı 19 1
72%
2015/16 (Bundesliga - 8th) Brazil CB 31 Dante 33 1
67%
2017/18 (Bundesliga - 16th) Belgium ST 22 Divock Origi 36 7
67%
2023/24 (Bundesliga - 12th) United States LM 20 Kevin Paredes 29 3
67%
2022/23 (Bundesliga - 8th) United States LM 19 Kevin Paredes 24 1
67%
2021/22 (Bundesliga - 12th) United States LM 18 Kevin Paredes 2
67%
2016/17 (Bundesliga - 16th) Brazil DM 28 Luiz Gustavo 32
67%
2015/16 (Bundesliga - 8th) Brazil DM 27 Luiz Gustavo 30 1
67%
2014/15 (Bundesliga - 2nd) Brazil DM 26 Luiz Gustavo 47 7
67%
2020/21 (Bundesliga - 4th) Croatia CB 22 Marin Pongračić 11
67%
2019/20 (Bundesliga - 7th) Croatia CB 21 Marin Pongračić 12 2
67%
2017/18 (Bundesliga - 16th) Germany ST 31 Mario Gómez 15 1
67%
2016/17 (Bundesliga - 16th) Germany ST 30 Mario Gómez 37
67%
2018/19 (Bundesliga - 6th) Netherlands RB 34 Paul Verhaegh 3
67%
2017/18 (Bundesliga - 16th) Netherlands RB 33 Paul Verhaegh 33 2
67%
2023/24 (Bundesliga - 12th) Austria GK 35 Pavao Pervan 10
67%
2022/23 (Bundesliga - 8th) Austria GK 34 Pavao Pervan 1
67%
2021/22 (Bundesliga - 12th) Austria GK 33 Pavao Pervan 7
67%
2020/21 (Bundesliga - 4th) Austria GK 32 Pavao Pervan 4
67%
2019/20 (Bundesliga - 7th) Austria GK 31 Pavao Pervan 14
67%
2018/19 (Bundesliga - 6th) Austria GK 30 Pavao Pervan 9
67%
2021/22 (Bundesliga - 12th) Switzerland RW 29 Renato Steffen 26 2
67%
2020/21 (Bundesliga - 4th) Switzerland RW 28 Renato Steffen 28 5
67%
2019/20 (Bundesliga - 7th) Switzerland RW 27 Renato Steffen 38 6
67%
2018/19 (Bundesliga - 6th) Switzerland RW 26 Renato Steffen 34 5
67%
2017/18 (Bundesliga - 16th) Switzerland RW 25 Renato Steffen 18
67%
2023/24 (Bundesliga - 12th) Belgium CB 24 Sebastiaan Bornauw 21
67%
2022/23 (Bundesliga - 8th) Belgium CB 23 Sebastiaan Bornauw 28 1
67%
2021/22 (Bundesliga - 12th) Belgium CB 22 Sebastiaan Bornauw 31 1
67%
2023/24 (Bundesliga - 12th) Portugal ST 21 Tiago Tomás 29 3
67%
2023/24 (Bundesliga - 12th) Czech Republic RW 25 Václav Černý 25 5
67%
2017/18 (Bundesliga - 16th) Nigeria ST 18 Victor Osimhen 13
67%
2016/17 (Bundesliga - 16th) Nigeria ST 17 Victor Osimhen 3
67%
2016/17 (Bundesliga - 16th) Portugal RB 30 Vieirinha 25
67%
2015/16 (Bundesliga - 8th) Portugal RB 29 Vieirinha 37 2
67%
2014/15 (Bundesliga - 2nd) Portugal RB 28 Vieirinha 46 2
67%
2023/24 (Bundesliga - 12th) Switzerland CB 25 Cédric Zesiger 26
61%
2016/17 (Bundesliga - 16th) Germany DM 28 Christian Träsch 14
61%
2015/16 (Bundesliga - 8th) Germany DM 27 Christian Träsch 38
61%
2014/15 (Bundesliga - 2nd) Germany DM 26 Christian Träsch 21
61%
2015/16 (Bundesliga - 8th) Switzerland AM 19 Francisco Rodríguez 1
61%
2020/21 (Bundesliga - 4th) Netherlands CB 28 Jeffrey Bruma 1
61%
2019/20 (Bundesliga - 7th) Netherlands CB 27 Jeffrey Bruma 15
61%
2017/18 (Bundesliga - 16th) Netherlands CB 25 Jeffrey Bruma 13
61%
2016/17 (Bundesliga - 16th) Netherlands CB 24 Jeffrey Bruma 22 1
61%
2020/21 (Bundesliga - 4th) Brazil LW 26 Victor Sá 27 4
61%
2019/20 (Bundesliga - 7th) Brazil LW 25 Victor Sá 41 5
61%
2016/17 (Bundesliga - 16th) Iran RW 29 Ashkan Dejagah 2
56%
2021/22 (Bundesliga - 12th) Poland ST 19 Bartosz Białek 12
56%
2020/21 (Bundesliga - 4th) Poland ST 18 Bartosz Białek 24 2
56%
2023/24 (Bundesliga - 12th) Germany ST 32 Kevin Behrens 13 1
56%
2016/17 (Bundesliga - 16th) Germany LB 32 Marcel Schäfer 5
56%
2015/16 (Bundesliga - 8th) Germany LB 31 Marcel Schäfer 27 1
56%
2014/15 (Bundesliga - 2nd) Germany LB 30 Marcel Schäfer 25
56%
2023/24 (Bundesliga - 12th) Brazil LB 25 Rogério 15 1
56%
2023/24 (Bundesliga - 12th) Sweden ST 22 Amin Sarr 14
50%
2021/22 (Bundesliga - 12th) Belgium RW 23 Dodi Lukebakio 25 1
50%
2019/20 (Bundesliga - 7th) Kosovo CM 21 Elvis Rexhbeçaj 2
50%
2018/19 (Bundesliga - 6th) Kosovo CM 20 Elvis Rexhbeçaj 26 2
50%
2017/18 (Bundesliga - 16th) Kosovo CM 19 Elvis Rexhbeçaj 4
50%
2014/15 (Bundesliga - 2nd) Croatia ST 34 Ivica Olić 20 5
50%
2023/24 (Bundesliga - 12th) Germany RB 22 Kilian Fischer 6
50%
2022/23 (Bundesliga - 8th) Germany RB 21 Kilian Fischer 10
50%
2022/23 (Bundesliga - 8th) Germany ST 26 Luca Waldschmidt 20 5
50%
2021/22 (Bundesliga - 12th) Germany ST 25 Luca Waldschmidt 17 1
50%
2015/16 (Bundesliga - 8th) Denmark ST 27 Nicklas Bendtner 19 4
50%
2014/15 (Bundesliga - 2nd) Denmark ST 26 Nicklas Bendtner 28 5
50%
2017/18 (Bundesliga - 16th) Netherlands DM 20 Riechedly Bazoer 14
50%
2016/17 (Bundesliga - 16th) Netherlands DM 19 Riechedly Bazoer 13
50%
2018/19 (Bundesliga - 6th) Germany RB 28 Sebastian Jung 1
50%
2017/18 (Bundesliga - 16th) Germany RB 27 Sebastian Jung 4
50%
2016/17 (Bundesliga - 16th) Germany RB 26 Sebastian Jung 4
50%
2015/16 (Bundesliga - 8th) Germany RB 25 Sebastian Jung 16
50%
2014/15 (Bundesliga - 2nd) Germany RB 24 Sebastian Jung 30
50%
2020/21 (Bundesliga - 4th) Brazil RB 25 William 2
50%
2019/20 (Bundesliga - 7th) Brazil RB 24 William 22 3
50%
2018/19 (Bundesliga - 6th) Brazil RB 23 William 33 2
50%
2017/18 (Bundesliga - 16th) Brazil RB 22 William 26
50%
2015/16 (Bundesliga - 8th) Germany AM 28 Aaron Hunt 2
44%
2014/15 (Bundesliga - 2nd) Germany AM 27 Aaron Hunt 22 4
44%
2016/17 (Bundesliga - 16th) Spain ST 19 Borja Mayoral 21 2
44%
2017/18 (Bundesliga - 16th) Germany AM 27 Daniel Didavi 33 10
44%
2016/17 (Bundesliga - 16th) Spain AM 26 Daniel Didavi 22 4
44%
2021/22 (Bundesliga - 12th) Germany ST 30 Daniel Ginczek 3
44%
2020/21 (Bundesliga - 4th) Germany ST 29 Daniel Ginczek 14 1
44%
2019/20 (Bundesliga - 7th) Germany ST 28 Daniel Ginczek 23 3
44%
2018/19 (Bundesliga - 6th) Germany ST 27 Daniel Ginczek 26 7
44%
2018/19 (Bundesliga - 6th) Spain DM 28 Ignacio Camacho 6
44%
2017/18 (Bundesliga - 16th) Spain DM 27 Ignacio Camacho 15 1
44%
2014/15 (Bundesliga - 2nd) Belgium DM 20 Junior Malanda 15
44%
2017/18 (Bundesliga - 16th) Belgium ST 19 Landry Dimata 24
44%
2019/20 (Bundesliga - 7th) DR Congo CB 26 Marcel Tisserand 23 1
44%
2018/19 (Bundesliga - 6th) DR Congo CB 25 Marcel Tisserand 11 1
44%
2017/18 (Bundesliga - 16th) DR Congo CB 24 Marcel Tisserand 19
44%
2022/23 (Bundesliga - 8th) Germany SS 28 Maximilian Philipp 3
44%
2021/22 (Bundesliga - 12th) Germany SS 27 Maximilian Philipp 25 1
44%
2020/21 (Bundesliga - 4th) Germany SS 26 Maximilian Philipp 26 6
44%
2023/24 (Bundesliga - 12th) Germany CB 24 Moritz Jenz 23
44%
2015/16 (Bundesliga - 8th) Switzerland CB 27 Timm Klose 12 1
44%
2014/15 (Bundesliga - 2nd) Switzerland CB 26 Timm Klose 19 3
44%
2019/20 (Bundesliga - 7th) Germany CB 21 Felix Uduokhai 1
39%
2018/19 (Bundesliga - 6th) Germany CB 20 Felix Uduokhai 12
39%
2017/18 (Bundesliga - 16th) Germany CB 19 Felix Uduokhai 24 3
39%
2023/24 (Bundesliga - 12th) France LB 24 Nicolas Cozza 7
39%
2022/23 (Bundesliga - 8th) France LB 23 Nicolas Cozza 6
39%
2017/18 (Bundesliga - 16th) England SS 19 Kaylen Hinds 2
33%
2017/18 (Bundesliga - 16th) Germany GK 30 Max Grün 1
33%
2014/15 (Bundesliga - 2nd) Germany GK 27 Max Grün 4
33%
2016/17 (Bundesliga - 16th) Germany CM 21 Paul Seguin 24
33%
2015/16 (Bundesliga - 8th) Germany CM 20 Paul Seguin 4
33%
2014/15 (Bundesliga - 2nd) Germany CM 19 Paul Seguin 1
33%
2017/18 (Bundesliga - 16th) Cameroon LW 24 Paul-Georges Ntep 7
28%
2016/17 (Bundesliga - 16th) Cameroon LW 23 Paul-Georges Ntep 12
28%
2022/23 (Bundesliga - 8th) Croatia DM 22 Bartol Franjić 6
22%
2020/21 (Bundesliga - 4th) Germany RW 27 Felix Klaus 8
22%
2019/20 (Bundesliga - 7th) Germany RW 26 Felix Klaus 29
22%
2018/19 (Bundesliga - 6th) Germany RW 25 Felix Klaus 15 1
22%
2018/19 (Bundesliga - 6th) Germany CB 19 Gian-Luca Itter 2
22%
2017/18 (Bundesliga - 16th) Germany CB 18 Gian-Luca Itter 5
22%
2016/17 (Bundesliga - 16th) Germany LB 19 Jannes Horn 13
22%
2016/17 (Bundesliga - 16th) Peru CB 24 Carlos Ascues 1
17%
2015/16 (Bundesliga - 8th) Peru CB 23 Carlos Ascues 1
17%
2023/24 (Bundesliga - 12th) Germany ST 18 Dženan Pejčinović 4
17%
2022/23 (Bundesliga - 8th) Germany ST 17 Dženan Pejčinović 1
17%
2015/16 (Bundesliga - 8th) Belgium AM 17 Ismail Azzaoui 2
17%
2020/21 (Bundesliga - 4th) Germany LM 21 Luca Horn 1
17%
2019/20 (Bundesliga - 7th) Germany LM 20 Luca Horn 1
17%
2016/17 (Bundesliga - 16th) Germany CB 27 Philipp Wollscheid 9
17%
2014/15 (Bundesliga - 2nd) Serbia DM 23 Slobodan Medojević 1
17%
2023/24 (Bundesliga - 12th) Germany AM 17 Bennit Bröger 1
11%
2016/17 (Bundesliga - 16th) Brazil LW 25 Bruno Henrique 8
11%
2015/16 (Bundesliga - 8th) Brazil LW 24 Bruno Henrique 9
11%
2023/24 (Bundesliga - 12th) Germany DM 18 Kofi Amoako 2
11%
2022/23 (Bundesliga - 8th) Czech Republic AM 18 Lukáš Ambros 1
11%
2020/21 (Bundesliga - 4th) Germany CB 20 Tim Siersleben 1
11%
2016/17 (Bundesliga - 16th) Germany CB 21 Hendrik Hansen 1
6%
2018/19 (Bundesliga - 6th) Ecuador AM 18 John Yeboah 3
6%
2016/17 (Bundesliga - 16th) Germany AM 19 Justin Möbius 3
6%
2015/16 (Bundesliga - 8th) Germany LW 18 Leandro Putaro 5
6%
2019/20 (Bundesliga - 7th) France ST 20 Mamoudou Karamoko 1
6%
2017/18 (Bundesliga - 16th) Germany CB 18 Paul Jaeckel 3
6%
No matching quizzes found
Score Distribution
Percent of People with Each Score
Percentile by Number Answered
Your Score History
You have not taken this quiz